Energetická závislosť SR na Rusku - porovnanie na príklade s ČR z hľadiska diverzifikácie bakalárska práca

Guardado en:
Detalles Bibliográficos
Autor principal: Štefancová, Jana
Autor Corporativo: Obchodná fakulta EU. Katedra medzinárodného obchodu
Otros Autores: Drieniková, Kristína, 1982-
Formato: Libro
Lenguaje:eslovaco
Publicado: Bratislava 2010
Etiquetas: Agregar Etiqueta
Sin Etiquetas, Sea el primero en etiquetar este registro!

MARC

LEADER 00000nam$a2200000$$$4500
001 0134225
005 20240320074101.9
041 0 |a slo 
044 |a SK 
245 1 0 |a Energetická závislosť SR na Rusku - porovnanie na príklade s ČR z hľadiska diverzifikácie  |b bakalárska práca  |c Jana Štefancová ; školiteľ: Kristína Drieniková 
264 1 |a Bratislava  |c 2010 
300 |a 51 s. 
100 1 |a Štefancová, Jana 
700 1 |a Drieniková, Kristína, 1982- 
710 2 |a Obchodná fakulta EU. Katedra medzinárodného obchodu